00466pam a2200157 a 4500020001200000040002500012041001300037082002200050100002600072245008000098250001400178260004900192300001400241365001200255653004100267 c8720.40 aMedical College Libr aENGhENG a616.8`047547bEBE aEbersole, John S. . aCurrent Practice of Clinical Electroencephalography / chTextual Documents a3rd / b. a : bLippincott Williams & Wilkins , c2003. a1628 ; c a8720.40 aNeurologyaMedicineaMedical Science